000 00831nam a22002177a 4500
003 BDDh-ASL
005 20231120150217.0
008 231120b1998 nyu||||| |||| 00| 0 eng d
040 _cBDDh-ASL
041 _aeng
082 _a954
_bROY
110 1 _aCambridge University Press, London.
_98229
245 1 0 _aTransactions of the Royal Historical Society:
_bVolume- VIII./
260 _aLondon:
_bCambridge University Press,
_c1998.
300 _a386 p.:
_c22 c.m.
440 _aRoyal Historical Society: Sixth Series
_98344
_n 8
504 _aInclude Bibliographical References.
650 0 _aHistory (ইতিহাস)
_94586
650 0 _aHistory and Heritage (ইতিহাস ও ঐতিহ্য) , ইতিহাস, History, Etihas, Itihas O Oitijjo, Etihash O Aitijjaya , Aitijjha
_97488
942 _2ddc
_cBK
999 _c34424
_d34424